000 00380 a2200109 4500
001 ART_52322
005 20260410161822.0
008 260409a
245 1 0 _aLos liquidadores de impuestos como posibles sujetos obligados a reportar a la UIF
100 1 _aMecikovsky, Jaime L.
773 0 _tDoctrina Penal Tributaria y Económica
_g- N° 59 (mar. 2021)
_wREV4317
999 _c22474
_d22474